Contrôle de gestion etudes de cas
Saved in:
| Main Author: | |
|---|---|
| Other Authors: | , |
| Format: | Book |
| Language: | French |
| Published: |
Paris
Economica
1991
|
| Subjects: | |
| Tags: |
No Tags, Be the first to tag this record!
|
MARC
| LEADER | 00000nam a2200000 4500 | ||
|---|---|---|---|
| 001 | c131161 | ||
| 005 | 20221123102133.4 | ||
| 020 | |a 2-7178-1987-8 | ||
| 041 | 0 | |a fre | |
| 044 | |a FR | ||
| 245 | 1 | 0 | |a Contrôle de gestion |b etudes de cas |c Michel Gervais, Guy Rochery, Charles Ducrocq |
| 264 | 1 | |a Paris |b Economica |c 1991 | |
| 300 | |a 304 s. | ||
| 610 | 2 | 0 | |a riadenie |
| 610 | 2 | 0 | |a riadenie podnikové |
| 610 | 2 | 0 | |a kontrola |
| 610 | 2 | 0 | |a kontrola podniková |
| 610 | 2 | 0 | |a plánovanie podnikové |
| 100 | 1 | |a Gervais, Michel | |
| 700 | 1 | |a Rochery, Guy | |
| 700 | 1 | |a Ducrocq, Charles | |